| 000 | 01048nam a22002895a 4500 | ||
|---|---|---|---|
| 008 | 150824t2007 n a|||frb||| 000 0 eng d | ||
| 010 | _a 2006024063 | ||
| 020 | _a0132392275 (alk. paper) | ||
| 020 | _a9780132392273 | ||
| 040 |
_aEG-ScBuE _beng _cEG-ScBuE |
||
| 082 | 0 | 4 |
_a004.36 _bTAN _222 |
| 100 | 1 | _aTanenbaum, Andrew S., | |
| 245 | 1 | 0 |
_aDistributed systems : _bprinciples and paradigms / _cAndrew S. Tanenbaum, Maarten Van Steen. |
| 250 | _a2nd. ed. | ||
| 260 |
_aUpper Saddle River : _bPearson Prentice Hall, _cc.2007. |
||
| 300 |
_a686 p. : _bill. , _c25 cm. |
||
| 500 | _aIndex : p. 669-686. | ||
| 504 | _aBibliography : p. 634-668. | ||
| 590 | _ayassmeen ashraf | ||
| 650 | 0 |
_aElectronic data processing _xDistributed processing. _2BUEsh |
|
| 650 | 0 |
_aDistributed operating systems (Computers) _2BUEsh |
|
| 651 | _2BUEsh | ||
| 653 |
_bCOMSCI _cAugust2015 |
||
| 700 | 1 |
_aSteen, Maarten van. _911316 |
|
| 856 | 4 | 1 |
_3Table of contents only _uhttp://www.loc.gov/catdir/toc/ecip0617/2006024063.html |
| 942 |
_cBB _k004.36 TAN _2ddc |
||
| 999 |
_c7815 _d2795 |
||